00596nam a22001817a 4500003000200000005001700002008004100019020002200060050002300082245010300105250002000208260003100228300004200259500001400301504006200315650001400377650002300391020230913113648.0230913b xxu||||| |||| 00| 0 eng d a978-0-323-79238-7 aRT 41 b.St78 2023 a Study guide for Lewis's medical-surgical nursing : assessment and management of clinical problems aTwelfth edition aMissouribElseviercc2023. avi, 535 pages :bcol. ill. ;c28 cm.  aNursing.  aIncludes bibliographical references, glossary and index.  aNursing.  aSurgical nursing.